| 000 | 01440nam a22002894n 4500 | ||
|---|---|---|---|
| 003 | AR-BaSMT | ||
| 008 | 230502b2025 aga|||ar|||| 00| 1 spa d | ||
| 020 | _a9789873681080 | ||
| 040 |
_aBSGB _bespañol _erda |
||
| 041 | 0 |
_aspa _hespañol |
|
| 080 | _a82-34 | ||
| 100 | 1 |
_aCanela _9459 |
|
| 245 | 1 | 3 | _aEl abrazo de Otto |
| 250 | _aprimera edición, quinta reimpresión | ||
| 264 | 1 |
_aBuenos Aires _bLa brujita de papel _c2025 |
|
| 300 |
_a32 páginas _bIlustraciones color |
||
| 336 |
_2rdacontent _atexto _btxt |
||
| 337 |
_2rdamedia _asin mediación _bn |
||
| 338 |
_2rda carrier _avolúmen _bnc |
||
| 520 | 1 |
_aEs el cumpleaños de Otto y con tinta de calamar ha escrito una bella invitación: “Hoy cumplo años y lo quiero celebrar con todos mis amigo. Sé que vas a venir. ¡Con qué alegría te voy a abrazar! Otto.” Mario, el caballito de mar, ha sido el primero en recibir la tarjeta. No sabe si alegrarse o asustarse de ser el numero 1 en la lista de invitados. Porque el abrazo de Otto no es un abrazo cualquiera. ¿Alguien sabe cuántos brazos tiene un pultpo? Una maravillosa historia en lo profundo del mar, donde los amigos de Otto deberán decidir si son capacez de recibir un abrazo muy especial. _uContratapa |
|
| 521 | _aJardín | ||
| 650 | 7 |
_98 _aLITERATURA INFANTIL _zArgentina |
|
| 650 | 7 |
_923 _aCUENTO _zArgentina |
|
| 700 | 1 |
_aFernandez, Luciana _eIlustradora _9467 |
|
| 942 |
_2udc _aBOOK |
||
| 999 |
_c626 _d626 |
||